Dans quel album de Tintin apparaissent ces lieux ? (2) - Statistiques

Statistiques générales
  • Ce quiz a été pris 47 fois
  • Le résultat moyen est 15 sur 41
Statistiques - réponses
Hint Explanation Réponse % Correct
Kiltoch L'Île Noire
80%
Village des Babaoro'm Tintin au Congo
80%
Quartier général des Frères de Kih-Oskh Les cigares du pharaon
73%
Vieux-marché Le Secret de La Licorne
73%
Jakarta Vol 714 pour Sydney
73%
Hôpital de Chicago Tintin en Amérique
67%
Magasin Mitsuhirato Le lotus bleu
60%
Port de Callao Le Temple du Soleil
60%
Hôtel des Sommets Tintin au Tibet
60%
Gare de Genève-Cornavin L'Affaire Tournesol
53%
Gare du nord de Bruxelles Tintin au pays des Soviets
53%
Museau du Yack Tintin au Tibet
53%
Klow Le Sceptre d'Ottokar
47%
Port-Saïd Les cigares du pharaon
47%
Paquebot Ville-de-Lyon Bateau L'Oreille cassée
47%
Speedol Star Tintin au pays de l'or noir
47%
Villa del Signor Endaddine Akass Tintin et l'Alph-Art
47%
Bagghar Le Crabe aux pinces d'or
40%
Rue du Sage Immense Le lotus bleu
33%
Usine Slift Tintin en Amérique
33%
Corse Tintin et l'Alph-Art
33%
Une clinique (à Bruxelles ?) Les Sept Boules de cristal
27%
Aéroport de Klow Objectif Lune
27%
Fusée lunaire On a marché sur la Lune
27%
Caverne secrète des Pieds-Noirs Tintin en Amérique
27%
Forteresse de Bakhine L'Affaire Tournesol
20%
26, rue du Labrador L'Oreille cassée
20%
Khemikhal Tintin au pays de l'or noir
20%
Vargèse Tintin au Tibet
20%
France Tintin et l'Alph-Art
20%
Usine de Fréaux Tintin et l'Alph-Art
20%
île d'Ischia Tintin et l'Alph-Art
20%
Opéra de Szohôd L'Affaire Tournesol
13%
Afghar Le Crabe aux pinces d'or
13%
Yabbecca Les cigares du pharaon
13%
Calle 22 de mayo Tintin et les Picaros
13%
Ranpura Le lotus bleu
7%
Sirius Bateau Le Secret de La Licorne
7%
Sao Rico L'Étoile mystérieuse
7%
S.S. Washington Bateau L'Oreille cassée
7%
Avenue de la Toison d'or Coke en Stock
0%
Aucun quiz correspondant
Distribution des résultats
% des personnes avec chaque résultat
Percentile par nombre de réponses
Votre historique - résultats
Vous n’avez pas pris ce quiz